| 000 | 01396cam a2200397 4500 | ||
|---|---|---|---|
| 999 |
_c23113 _d23113 |
||
| 001 | vtls011863714 | ||
| 005 | 20220131100114.0 | ||
| 008 | 210624s2019 xo er 010 fdslo | ||
| 020 |
_a9788055166056 _q(viazané) |
||
| 035 | _aurn:nbn:sk:snk-am00e94h | ||
| 035 | _aurn:nbn:sk:snk-am3ig8q | ||
| 035 | _a616AF5E5-CAC0-4A30-A982-DF973D82B295 | ||
| 040 |
_aTTKJF _bslo _dTTKJF _dSNK _erda _cSNK |
||
| 041 | 1 |
_aslo _heng |
|
| 044 |
_axo _cSK |
||
| 072 | 7 |
_a821.111-3 _xAnglická próza, anglicky písaná _2konspekt |
|
| 080 |
_a821.111(71)-31 _22011 |
||
| 080 |
_a(0:82-312.5) _22011 |
||
| 100 | 1 |
_aStapley, Marissa, _d1978- _4aut _92618 |
|
| 240 | 1 | 0 |
_aThings to do when it´s raining _lSlovensky |
| 245 | 1 | 0 |
_aČo sa dá robiť, keď prší _cMarissa Stapleyová ; preložila Zdenka Buntová |
| 264 | 1 |
_aBratislava _bIkar _c2019 |
|
| 300 |
_a252 strán _c21 cm |
||
| 336 |
_atext _btxt _2rdacontent |
||
| 337 |
_abez média _bn _2rdamedia |
||
| 338 |
_azväzok _bnc _2rdacarrier |
||
| 500 | _aPreložené z angličtiny | ||
| 500 | _aObsahuje krátke biografické údaje o autorke na prebale publikácie | ||
| 655 | 7 |
_akanadské romány (anglicky) _2SNKPH _92111 |
|
| 655 | 7 |
_aCanadian fiction (English) _2SNKPHeng _92112 |
|
| 655 | 7 |
_aľúbostné romány _2SNKPH _913 |
|
| 655 | 7 |
_aLove novels _2SNKPHeng _91667 |
|
| 700 | 1 |
_aBuntová, Zdenka _4trl _92394 |
|
| 958 | _aLX | ||
| 958 | _aUP | ||